ڈ و بتے سو ر ج سے (Record no. 95213)

MARC details
000 -LEADER
fixed length control field 00671nam a22002177a 4500
005 - DATE AND TIME OF LATEST TRANSACTION
control field 20150724154516.0
008 - FIXED-LENGTH DATA ELEMENTS--GENERAL INFORMATION
fixed length control field 140714b xxu||||| |||| 00| 0 Urdu d
010 ## - LCCN (DPL NO)
LC control number UR-9230
020 q# - INTERNATIONAL STANDARD BOOK NUMBER
Terms of availability 175.00
035 ## - SYSTEM CONTROL NUMBER
System control number U-7785
037 ## - SOURCE OF ACQUISITION
Source of stock number/acquisition DBAD/Pub.
040 ## - CATALOGING SOURCE
Original cataloging agency DPL
Language of cataloging Urdu
082 ## - DEWEY DECIMAL CLASSIFICATION NUMBER
Classification number ک
100 ## - MAIN ENTRY--PERSONAL NAME
Personal name ا نجو د و ا ء جيمنی
245 ## - TITLE STATEMENT
Title ڈ و بتے سو ر ج سے
Statement of responsibility, etc ا نجو د و ا ء جيمنی
246 ## - VARYING FORM OF TITLE
Title proper/short title Khyalat
Remainder of title By Ghulam Nabi Khyal
260 ## - PUBLICATION, DISTRIBUTION, ETC. (IMPRINT)
Place of publication, distribution, etc Kashmir
Date of publication, distribution, etc 2009
Name of publisher, distributor, etc Kashmiri Writers Association
270 ## - ADDRESS
Address 15-Rawal Pora,Housing Colony,
City Srinagar
Postal code 190005
Telephone number 09419005909
300 ## - PHYSICAL DESCRIPTION
Extent 96ص
Dimensions 22Cm (Hb)
942 ## - ADDED ENTRY ELEMENTS (KOHA)
Source of classification or shelving scheme Dewey Decimal Classification
Item type Urdu Bks
Edition
Classification part ک
Call number suffix ا ن ج
Holdings
Withdrawn status Lost status Source of classification or shelving scheme Damaged status Not for loan Collection code Home library Current library Date acquired Source of acquisition Cost, normal purchase price Total Checkouts Full call number Barcode Date last seen Copy number Cost, replacement price Koha item type
    Dewey Decimal Classification   Not For Loan Fiction D.B.Act.Division D.B.Act.Division 24/07/2015 DBAD/Pub. 175.00   ک ا ن ج U-7785 24/07/2015 1 175.00 Urdu Bks

© Delhi Public Library
Hit Counter
free hit counter